[Event "The OT.Com Tournament"]
[Site "SchemingMind.com"]
[Date "2006.05.07"]
[Round "-"]
[White "Warbler"]
[Black "DirtyWookie"]
[Result "1-0"]
[WhiteCountry "USA"]
[BlackCountry "GBR"]
[WhiteElo "1386"]
[WhiteRD "137"]
[BlackElo "1019"]
[BlackRD "166"]
[GameID "49803"]

1. e4 e5 2. Nf3 Nf6 3. Nc3 Nc6 4. Bc4 d5 5. exd5 Nb4 6. O-O Bg4 7. Qe1 Nxc2 8. Qxe5+ Be7 9. Rb1 c6 10. Ng5 cxd5
11. Nxd5 Nxd5 12. Bb5+ Bd7 13. Qxd5 Qc7 14. Bxd7+ Qxd7 15. Qxf7+ Kd8 16. Qxg7 Rf8 17. Nf7+ Kc7 18. Qxh7 a5 19. Qxc2+ Kb8 20. Qh7 Kc7
21. Re1 Bc5 22. d3 Rae8 23. Bf4+ Bd6 24. Bxd6+ Kc8 25. Rbc1+ Qc7 26. Rxc7+ Kb8 27. Rce7+ Ka7 28. Rxe8 Rxe8 29. Rxe8 Kb6 30. Ra8 Kc6
31. Rxa5 b6 32. Nd8+ Kxd6 33. Qh6+
1-0

[Event "The OT.Com Tournament"]
[Site "SchemingMind.com"]
[Date "2006.05.07"]
[Round "-"]
[White "Warbler"]
[Black "Shimy"]
[Result "1-0"]
[WhiteCountry "USA"]
[BlackCountry "CAN"]
[WhiteElo "1220"]
[WhiteRD "190"]
[BlackElo "1327"]
[BlackRD "174"]
[GameID "49804"]

1. e4 b6 2. d4 Bb7 3. Nf3 Bxe4 4. Nbd2 f5 5. Bc4 d5 6. O-O f4 7. Nxe4 dxe4 8. Bxg8 exf3 9. Qxf3 c6 10. Be6 Qxd4
11. Bxf4 Qxb2 12. Rad1 Qf6 13. Rfe1 g5 14. Qh5+ Qg6 15. Qg4 h5 16. Qf3 gxf4 17. Qxf4 Bh6 18. Qe5 Rf8 19. Qc7 Na6 20. Qd7#
1-0

[Event "The OT.Com Tournament"]
[Site "SchemingMind.com"]
[Date "2006.05.07"]
[Round "-"]
[White "Warbler"]
[Black "whitehaven"]
[Result "1-0"]
[WhiteCountry "USA"]
[BlackCountry "CAN"]
[WhiteElo "1313"]
[WhiteRD "151"]
[BlackElo "1693"]
[BlackRD "164"]
[GameID "49806"]

1. e4 d6 2. d4 Nf6 3. Nc3 d5 4. Bd3 dxe4 5. Bxe4 Nc6 6. d5 g6 7. Nf3 Ng4 8. O-O Nxh2 9. Nxh2 Ne5 10. Be3 Bg7
11. Qd4 O-O 12. Nf3 Ng4 13. Qd3 f5 14. Bg5 fxe4 15. Qxe4 Bf5 16. Qc4 Bc8 17. Rae1 Bf6 18. d6+ Kg7 19. dxe7 Qe8 20. exf8=Q+ Qxf8
21. Ne4 b6 22. Qc6 Bf5 23. Nxf6 h6 24. Nd7 Qe8 25. Rxe8
1-0

[Event "The OT.Com Tournament"]
[Site "SchemingMind.com"]
[Date "2006.05.07"]
[Round "-"]
[White "KingsClash"]
[Black "Warbler"]
[Result "0-1"]
[WhiteCountry "USA"]
[BlackCountry "USA"]
[WhiteElo "1211"]
[WhiteRD "70"]
[BlackElo "1351"]
[BlackRD "144"]
[GameID "49807"]

1. e4 e5 2. f4 Nc6 3. Nc3 Nf6 4. Nf3 d5 5. Bb5 Bd7 6. fxe5 Nxe4 7. d4 Bb4 8. Bg5 Qc8 9. Qd3 O-O 10. O-O-O Bf5
11. Rhf1 Nf2 12. Qe2 Nxd1 13. Rxd1 Be4 14. Nh4 f6 15. Be3 fxe5 16. g4 Na5 17. g5 c6 18. Bd3 Qh3 19. a3 Qxh4 20. dxe5 Qh3
21. axb4 Nc4 22. Bc5 Rf4 23. Rg1 Bf3 24. Qf1 Qxh2 25. Bxc4 dxc4 26. e6 b5 27. g6 hxg6 28. Rxg6 Rd8 29. e7 Re8 30. Qe1 Bh5
31. Qe6+ Kh8 32. Rg5 Rf1+ 33. Nd1 Rxd1#
0-1

[Event "The OT.Com Tournament"]
[Site "SchemingMind.com"]
[Date "2006.05.06"]
[Round "-"]
[White "oojason"]
[Black "Warbler"]
[Result "1-0"]
[WhiteCountry "ENG"]
[BlackCountry "USA"]
[WhiteElo "1654"]
[WhiteRD "158"]
[BlackElo "1220"]
[BlackRD "190"]
[GameID "49808"]

1. e4 e5 2. d4 d6 3. d5 Nf6 4. Bg5 Be7 5. Bxf6 Bxf6 6. g3 O-O 7. h4 c6 8. c4 Bd7 9. Nc3 a5 10. a4 Na6
11. Bd3 Nb4 12. Na2 c5 13. Nxb4 axb4 14. b3 Rc8 15. Ra2 Ra8 16. f3 g6 17. Rah2 b5 18. cxb5 Rb8 19. h5 gxh5 20. Rxh5 Bg7
21. Qd2 h6 22. Rxh6 f6 23. Qh2 Rf7 24. Qh5 Qe8 25. Rh8+ Bxh8 26. Qxh8#
1-0

[Event "The OT.Com Tournament"]
[Site "SchemingMind.com"]
[Date "2006.05.07"]
[Round "-"]
[White "ricarleite"]
[Black "Warbler"]
[Result "0-1"]
[WhiteCountry "BRA"]
[BlackCountry "USA"]
[WhiteElo "974"]
[WhiteRD "147"]
[BlackElo "1370"]
[BlackRD "127"]
[GameID "49809"]

1. e4 e5 2. Nf3 Nc6 3. Bd3 Bc5 4. O-O Nf6 5. Nc3 O-O 6. Na4 d6 7. b4 Bxb4 8. c3 Be6 9. cxb4 Nxb4 10. Bb5 Nxe4
0-1

[Event "The OT.Com Tournament"]
[Site "SchemingMind.com"]
[Date "2006.05.07"]
[Round "-"]
[White "DirtyWookie"]
[Black "Warbler"]
[Result "0-1"]
[WhiteCountry "GBR"]
[BlackCountry "USA"]
[WhiteElo "1019"]
[WhiteRD "166"]
[BlackElo "1386"]
[BlackRD "137"]
[GameID "49810"]

1. e4 e5 2. Nf3 Nc6 3. d4 Bd6 4. Nxe5 Nxe5 5. h4 Nf6 6. f4 Nc4 7. Bxc4 O-O 8. e5 Qe7 9. Bd2 b6 10. O-O Bb7
11. Nc3 Be4 12. exd6 cxd6 13. Nxe4 Qxe4 14. Re1 Qxd4+ 15. Kh2 Qxc4 16. b3 Qb5 17. Qf3 Rac8 18. c4 Qf5 19. Qb7 Qc5 20. Qxa7 Ra8
21. b4 Qxc4 22. Qxb6 Ng4+ 23. Kg3 Nf6 24. Rac1 Qd3+ 25. Re3 Qxd2 26. Rce1 Nd5 27. Qxd6 Qxa2 28. Qxd7 Nxe3 29. Rxe3 Ra7 30. Qf5 Ra3
0-1

[Event "The OT.Com Tournament"]
[Site "SchemingMind.com"]
[Date "2006.05.18"]
[Round "-"]
[White "Shimy"]
[Black "Warbler"]
[Result "1-0"]
[WhiteCountry "CAN"]
[BlackCountry "USA"]
[WhiteElo "1426"]
[WhiteRD "139"]
[BlackElo "1313"]
[BlackRD "151"]
[GameID "49811"]

1. e4 e5 2. c4 c5 3. d3 Bd6 4. Nc3 Nf6 5. g3 b6 6. a4 a5 7. Nd5 Nxd5 8. exd5 O-O 9. Qg4 Be7 10. Qh5 d6
11. Bh3 h6 12. g4 Nd7 13. g5 Nf6 14. gxf6 Bxf6 15. Be3 Kh7 16. Bf5+ g6 17. Qxh6+ Kg8 18. Be4 Bg7 19. Qg5 f6 20. Qxg6 Ra7
21. Qh7+ Kf7 22. Bg6+
1-0

[Event "The OT.Com Tournament"]
[Site "SchemingMind.com"]
[Date "2006.05.07"]
[Round "-"]
[White "whitehaven"]
[Black "Warbler"]
[Result "1-0"]
[WhiteCountry "CAN"]
[BlackCountry "USA"]
[WhiteElo "1693"]
[WhiteRD "164"]
[BlackElo "1313"]
[BlackRD "151"]
[GameID "49813"]

1. b3 e5 2. Ba3 Bd6 3. d4 Nf6 4. e3 O-O 5. Nf3 Nc6 6. Be2 Bb4+ 7. Bxb4 Nxb4 8. O-O d6 9. c3 Nbd5 10. Nh4 Ne4
11. dxe5 Qxh4 12. Qxd5 Bh3 13. g3 Qh6 14. Qxe4 Bxf1 15. Kxf1 Rae8 16. f4 f6 17. e6 Qxh2 18. e7 Rf7 19. Bc4 f5 20. Qxf5 Rxe7
21. Qc8+
1-0